Töprengések az Erószról

Elmentve itt :
Bibliográfiai részletek
Szerző: Bergyajev Nyikolaj
További közreműködők: Bohár András
Bagi Ibolya
Dokumentumtípus: Cikk
Megjelent: Pompeji Alapítvány Szeged 1993
Sorozat:Pompeji
Kulcsszavak:Filozófia
Tárgyszavak:
Online Access:http://acta.bibl.u-szeged.hu/9131
LEADER 00754nab a2200229 i 4500
001 acta9131
005 20250521081135.0
008 161015s1993 hu o 000 hun d
022 |a 0865-5553 
040 |a SZTE Egyetemi Kiadványok Repozitórium  |b hun 
041 |a hun 
100 1 |a Bergyajev Nyikolaj 
245 1 0 |a Töprengések az Erószról  |h [elektronikus dokumentum] /  |c  Bergyajev Nyikolaj 
260 |a Pompeji Alapítvány  |b Szeged  |c 1993 
300 |a 276-285 
490 0 |a Pompeji 
650 4 |a Bölcsészettudományok 
650 4 |a Filozófia, etika és vallástudományok 
695 |a Filozófia 
700 0 1 |a Bohár András 
700 0 1 |a Bagi Ibolya 
856 4 0 |u http://acta.bibl.u-szeged.hu/9131/1/pompeji_1993_001_002_276-285.pdf  |z Dokumentum-elérés